| 000 | 00369nam a22001577a 4500 | ||
|---|---|---|---|
| 020 | _a978-81-7381-865 | ||
| 082 |
_a823 _bLON/W |
||
| 100 | _aJACK LONDON | ||
| 245 |
_aWHITE FANG _bSHORT STORY |
||
| 246 |
_aWHITE FANG _bSHORT STORY |
||
| 260 |
_aKOLKATA _bNEW CENTRAL BOOK AGENCY _c2013 |
||
| 300 | _a60 | ||
| 520 | _aSHORT STORY | ||
| 650 | _aSHORT STORY | ||
| 942 | _cBK | ||
| 999 |
_c2962 _d2962 |
||